000 00422nam a2200145Ia 4500
008 100204s9999 xx 000 0 und d
082 _b7807
100 _aश्रोत्री निशिकांत
245 _aहकनाक
260 _b"उदयदीप प्रकाशन , मुंबई"
_c1985
300 _a177
630 _aहकनाक
730 _aहकनाक
942 _cBOOK
999 _c452243
_d452240